000 00282nam a2200133Ia 4500
100 _aBoggs/Wendy/ Boggs/michael
942 _cBK
654 _aUML
245 _aMastering UMLwith rational Rose
260 _bBPB
_c2002
082 _a5.13
_bBOG
300 _a957
546 _aENGLISH
999 _c28140
_d28140